000 00303nam a22001457a 4500
020 _a0-7214-09941-5
082 _a823
_bMCC/M
100 _aMCCULLAGH SHEILA
245 _aTHE MAGIC BOX
250 _a1
260 _aENGLAND
_bLADYBIRD
300 _a44
650 _aENGLISH STORY
_zENGLAND
942 _cBK
999 _c1847
_d1847